000 00440nam a22001577a 4500
005 20240729075500.0
008 240729b |||||||| |||| 00| 0 eng d
041 _aEnglish
082 _a349 SUP
100 _lEnglish
245 _aSupreme Court Reports
260 _aCape Town:
_bJuta and Company Ltd,
_c1904
300 _blvi, 682 pages;
_c26 cm.
650 _aLegal practice
_bLaw
942 _cBK
_6ALISON_BN_VRIES
999 _c2292
_d2292